| 000 | 01310ncm a2200301 a 4500 | ||
|---|---|---|---|
| 999 |
_c351591 _d351591 |
||
| 003 | BLK | ||
| 005 | 20250127160903.0 | ||
| 008 | 200330b bu ||||| |||| 00| 0 bu d | ||
| 040 | _aBLK | ||
| 041 |
_aBUL _cBUL |
||
| 080 |
_aЗа валдхорна, ловджийски рог, овчарски рог, пощенски рог и др. _b788.41 _z788.41 |
||
| 080 |
_aКонцерт за валдхорна и оркестър _b785.6:788.42 _z785.6:788.42 |
||
| 100 |
_aКостов, Георги _eпърви автор _91299 |
||
| 139 |
_aКостов, Георги _bК 86 |
||
| 245 |
_aКонцерт за валдхорана и оркестър [нотирана музика] _bИзвлечение за пиано от авт. _cГеорги Костов |
||
| 260 |
_9209548 _aСофия _bНаука и изкуство _c1971 |
||
| 300 |
_a48 с. _c31 см |
||
| 380 | _a7 | ||
| 650 | 0 |
_9353188 _aВалдхорна - концерти |
|
| 650 | 7 |
_aПиано - съпровод _2 _9166264 |
|
| 653 | 7 |
_9189133 _aконцерти |
|
| 653 | 7 |
_9182842 _aвалдхорни |
|
| 653 | 7 |
_9188624 _aклавирен съпровод |
|
| 852 |
_aЦб М ІІ 5059 _bИП |
||
| 942 |
_cNOT _n0 _s1 |
||
| 944 |
_aCR _c2020-04-05 _lГеновева Генчева _k30560 |
||
| 999 | _d351591 | ||